¿Hay solución a la crisis centroamericana? /

Kaydedildi:
Detaylı Bibliyografya
Yazar: Súdarev, Vladimir
Materyal Türü: Metin
Etiketler: Etiketle
Etiket eklenmemiş, İlk siz ekleyin!

MARC

LEADER 00000 a a2200000 04500
001 680
003
040 |a CRAI/IIS  |c CRAI/IIS 
100 |a Súdarev, Vladimir  
245 |a ¿Hay solución a la crisis centroamericana? /  |c Vladimir Súdarev  
773 |g número 8; páginas 9-16  
999 |c 20214  |d 20214